Music Quiz

Random Music or Song Quiz

Michael Jackson Songs Quiz Stats

 Plays Quiz not verified by Sporcle

Challenge
Share
Tweet
Embed
Score 0/20 Timer 08:00
0 Plays Today
% Correct
Smooth Criminal
97.3%
Billie Jean
96.5%
They Don't Care About Us
93.8%
Beat It
93.8%
Earth Song
92.9%
Human Nature
92%
Thriller
91.1%
Bad
91.1%
Ben
90.2%
Shake Your Body Down to the Ground
89.3%
% Correct
I'll Be There
89.3%
PYT (Pretty Young Thing)
86.7%
You Rock My World
85%
Off the Wall
83.2%
Speed Demon
82.1%
Hollywood Tonight
79.6%
Jam
77.7%
Give in to Me
76.8%
Rock With You
76.1%
Say Say Say
73.2%

You're not logged in!

Compare scores with friends on all Sporcle quizzes.
OR
Log In

You Might Also Like...

Show Comments

Extras

Top Quizzes Today


Score Distribution

Your Account Isn't Verified!

In order to create a playlist on Sporcle, you need to verify the email address you used during registration. Go to your Sporcle Settings to finish the process.

Report this User

Report this user for behavior that violates our Community Guidelines.

Details: